000 00505nam a2200181Ia 4500
005 20250508154622.0
008 008 250505s9999 xx 000 0 eng d
037 _aTextual
040 _aFEDL
_beng
_cFEDL
041 _aeng
_2eng
084 _a294.5, SPR
_qFEDL
100 _aSpratt P.
245 0 _aHindu culture and personality
260 _aBombay, India
_bManaktala And Sons Private Limited
_c1966
300 _aix,400p.
942 _cTEXL
_h294.5, SPR
999 _c1351249
_d1351249